Nghiên cứu chương trình – Sách giáo khoa Lịch sử bậc Trung học cơ sở (THCS) phục vụ chiến lược đổi mới căn bản toàn diện giáo dục hiện nay

সংরক্ষণ করুন:
গ্রন্থ-পঞ্জীর বিবরন
প্রধান লেখক: Lưu Trang (Chủ nhiệm đề tài)
বিন্যাস: গ্রন্থ
প্রকাশিত: 2014
ট্যাগগুলো: ট্যাগ যুক্ত করুন
কোনো ট্যাগ নেই, প্রথমজন হিসাবে ট্যাগ করুন!
Thư viện lưu trữ: Mạng thư viện Đại học Đà Nẵng
LEADER 00831nam a2200229 4500
001 000023277
003 19727
005 20150814140850.0
008 150814s2014 sd
100 1 |a Lưu Trang  |e Chủ nhiệm đề tài 
245 1 0 |a Nghiên cứu chương trình – Sách giáo khoa Lịch sử bậc Trung học cơ sở (THCS) phục vụ chiến lược đổi mới căn bản toàn diện giáo dục hiện nay  |c Lưu Trang 
260 |c 2014 
500 |a Đề tài NCKH cấp Trường Đại học Sư Phạm Đà Nẵng . Mã số : T2013-03-42 
OWN |a LSP 
999 |a From the UDN01 
TYP |a Mixed Materials 
TYP |a Monograph 
TYP |a Printed language 
980 |a Mạng thư viện Đại học Đà Nẵng